1993 1473 1689 1223 1320 1054 1946 1715 1240 1530 1060 1506 1597 1789 1921 1355 1736 1662 1294 1502 1051 1788 1773 1689 1517 1584 1356 1424 1291 1455 1306 1124 1638 1466 1672 1547 1526 1720 1839 1312 1628 1932 1987 1938 1569 1489 1202 1918 1398 1773 1353 1793 1655 1177 1923 1848 1385 1535 1136 1649 1865 1580 1751 1908 1881 1219 1000 1112 1526 1149 1780 1999 1778 1537 1006 1618 1323 1939 1695 1223 1528 1810 1454 1185 1212 1427 1331 1157 1960 1022 1880 1838 1838 1277 1624 1109 1942 1680 1841 BCNSPRNW ULIB Ver.6.0+V

เปลี่ยนเป็นภาษาไทย

Change to English
 แสดงรายละเอียดบรรณานุกรม
  กลับหน้าหลัก

Brief Record : Get Marc (ISO 2709) : E-mail record : QR code < ปิดหน้าต่าง
LEADER : 00000nas 2200000uu 4500
001    13399123153
003     ULIB
008    140409s||||||||th 000 0 tha d
022 0  22869514
245 00 วารสารวิชาการ สมาคมสถาบันอุดมศึกษาเอกชนแห่งประเทศไทย^nAPHEIT JOURNAL วิทยาศาสตร์และเทคโนโลยี
260    สมาคมสถาบันอุดมศึกษาเอกชนแห่งประเทศไทย
310    ^aรายเดือน
850    ^aปีที่ 2
945    ^p0^l0^i902157
999    ^aใช้งานได้ทุกระบบ
รายการนี้ยังไม่มีแท็ก
คุณยังไม่ได้ล็อกอิน คุณสามารถมีกิจกรรมร่วมกับเว็บไซต์ได้ แต่ต้องล็อกอินก่อน ::
  ล็อกอิน

รายการสื่อสารสนเทศ (วารสาร)

ดูแบบ: กล่อง รายการ
ARRIVED
ปีที่ 2
สถานที่: ห้องสมุดวิทยาเขตสวรรค์ประชารักษ์ >วารสาร

BibComment


ยังไม่เคยถูกคอมเมนท์

คอมเมนท์ทรัพยากรรายการนี้
  คอมเมนท์: วารสารวิชาการ สมา..


 Copyright 2026. Bcnsprnw @Library